Language - Statistics

General Stats
  • This quiz has been taken 27 times
  • The average score is 19 of 25
Answer Stats
Country flags Languages 1 2 3 4 5 6 % Correct
United states English Uk Antigua and Barbuda England None None None
100%
Australia English Usa Uk England None None None
100%
United kingdom English Usa England Antigua and Barbuda None None None
100%
Antigua and Barbuda English Usa Uk England None None None
100%
China Mandarin Taiwan None None None None None
90%
Taiwan Mandarin China None None None None None
90%
Tunisia Arabic Saudi arabia Djibouti Morocco Mauritania Uae Yemen,Egypt,Syria,Iraq,oman Jordan, Palestine
86%
Djibouti Arabic Saudi arabia Oman Iraq,jordan Palestine Sudan Syria, Egypt
86%
Saudi arabia Arabic Tunisia Morocco Djibouti Uae Egypt Syria
86%
South korea Korean North korea None None None None None
86%
North korea Korean South korea None None None None None
86%
Malaysia Malay Singapore None None None None None
86%
Brazil Portuguese Portugal None None None None None
86%
Belarus Russian Russia None None None None None
86%
Turkey Turkish None None None None None None
86%
Albania Albanian None None None None None None
81%
Poland Polish None None None None None None
81%
Thailand Thai None None None None None None
81%
South africa Afrikaans None None None None None None
76%
Bosnia and Herzegovina Bosnian None None None None None None
67%
Indonesia Indonesian None None None None None None
67%
Laos Lao None None None None None None
57%
Nepal Nepali None None None None None None
52%
Scotland Scottish Gaelic None None None None None
14%
Panama Latin spanish Venezuela Cuba Puerto Rico Colombia Honduras El SalvadorAnd Nicaragua
0%
No matching quizzes found
Score Distribution
Percent of People with Each Score
Percentile by Number Answered
Your Score History
You have not taken this quiz